| 000 | 00944cam a22001814a 4500 | ||
|---|---|---|---|
| 005 | 20250605164344.0 | ||
| 008 | 250528s ||||||||||||||||||||||||d | ||
| 035 | _a23771 | ||
| 040 |
_aGR-AtMCL _bgre _dGR-AtMCL _eAACR2 |
||
| 245 | 1 | _aCryptographic Algorithms/The Past and Current State, the Next Generation, and the Impact of Processors' Evolution | |
| 260 | _c2017 | ||
| 300 | _a83 | ||
| 520 | _aIntroduction, Cryptosystems, Classic Cryptography, Modern Cryptosystems, Next Generation Cryptography, Impact ofr Processing Power, Benchmark Results, Reference Computer, First Tested Computer, Second Tested Computer, Third Tested Computer, Analysis on the Results, Diggerences in the Algorithms, Difference in the Versions, Difference in the Processors, Future Tests and Experimentations and Evaluations, Conclusions, Appendices, References. | ||
| 700 | 1 |
_aKarmiris Dimitrios _99304 |
|
| 942 | _cDS | ||
| 999 |
_c8708 _d8708 |
||